00613 a2200145 4500020001800000050002200018100003200040245017200072264003000244300006100274500001900335650003700354650003600391700004000427 a9780582608856 aBS2589. COU 1964  aCoutts, Johnd1934-eauthor aHow the Christian Faith began : ba commentary on the Gospel according to St Luke and the Acts of the Apostles/cby J.J. Coutts with the assistance of P.E.S. Thompson. aHarlow: bLongman,c 1964 avi, 250 pages : illustrations ; 22 cm pbk., maps, 1 plan alncludes index aBible. -- Luke -- Commentaries.  aBible. -- Acts -- Commentaries. a Thompson, Prince Eustace Shokellu